000 02521nam0a2200409 4500
001 RU\NLR\BIBL_A\011507467
005 20240921190010.0
010 _a9785878517331
_9100
021 _aRU
_b2017-73851
_95267
035 _a(RuMoRGB)009407634
035 _a(NLR Aleph) 011507467
090 _a12027638
_c12027638
100 _a20171026d2017 k y0rusy50 ca
101 0 _arus
102 _aRU
105 _aabggzzzz101zy
200 1 _aТрадиции народной культуры: проблемы изучения, сохранения и восстановления
_eсборник материалов II Всероссийской научно-практической конференции
_f[редакционная коллегия: Г. П. Парадовская (отв. ред.) и др.]
210 _aВологда
_cВоГУ
_d2017
215 _a99 с.
_cил., ноты, карт., табл.
_d21
300 _aВ надзаг.: М-во образования и науки Рос. Федерации, Волог. гос. ун-т, Центр традиц. нар. культуры, Волог. обл. отд-ние Рус. геогр. о-ва
320 _aБиблиогр. в конце ст. и в подстроч. примеч.
606 1 _aТрадиционная культура
_jСъезды, совещания и т.п
_yРоссийская Федерация
_92544322
_3RU\NLR\AUTH\661506025
606 1 _aВоспитание
_jСъезды, совещания и т.п
_xИспользование фольклора
_92488832
_3RU\NLR\AUTH\661476914
606 1 _aМузыкальный фольклор русский
_jСъезды, совещания и т.п
_91388429
_3RU\NLR\AUTH\66270065
686 _aЩ312я431(2)
_2rubbk
686 _aЩ313(2Р=Р)0-44я431(2)
_2rubbk
686 _aТ52(23=Р)-7я431(2)
_2rubbk
686 1 _aТ52(2)я431
686 1 _aЧ313.5я431
686 1 _aЩ313(2Р=Рус)0я431
702 1 _aПарадовская
_bГ. П.
_gГалина Петровна
_4340
711 1 2 _a"Традиции народной культуры: проблемы изучения, сохранения и восстановления", всероссийская научно-практическая конференция
_d2
_eВологда
_f2016
_9574230
_3RU\NLR\AUTH\880455423
942 _cBOOK
980 _aNBR